| 000 | 00719nam a22002057a 4500 | ||
|---|---|---|---|
| 003 | 0 | ||
| 005 | 20250130100719.0 | ||
| 008 | 250130b xxu||||| |||| 00| 0 eng d | ||
| 050 |
_aHQ 1206 _b.R36 2024 |
||
| 100 | _aRamirez, Christine Joy | ||
| 245 |
_aPsychological empowerment and self-efficacy of women student leaders _cChristine Joy Ramirez |
||
| 260 |
_aLas Pinas City _bSouthville International School and Colleges _c2024 |
||
| 300 |
_axi, 378 pages ; _c28cm. |
||
| 504 | _aIncludes bibliographical references and appendices. | ||
| 650 | _aWomen—Psychology. | ||
| 650 | _aEmpowerment (Psychology). | ||
| 650 | _aWomen—Leadership. | ||
| 650 | _aStudent government—Leadership. | ||
| 942 |
_2lcc _cTH |
||
| 999 |
_c367084 _d367084 |
||